| Tag |
First Indicator |
Second Indicator |
Subfields |
| LEADER |
00000cam a2200000 i 4500 |
| 001 |
in00003481663 |
| 005 |
20211119134734.0 |
| 006 |
m o d f |
| 007 |
cr m|||||||||| |
| 008 |
140227s2014 dcu ob f000 0 eng c |
| 035 |
|
|
|a (OCoLC)ocn871172592
|
| 042 |
|
|
|a pcc
|
| 043 |
|
|
|a n-us---
|a n-cn---
|
| 040 |
|
|
|a GPO
|b eng
|e rda
|e pn
|c GPO
|d GPO
|d MvI
|
| 049 |
|
|
|a WWW
|
| 074 |
|
|
|a 0900-K-06 (online)
|
| 086 |
0 |
|
|a S 24.16:AUD-SI-14-20
|z S 24.2:K 52
|
| 088 |
|
|
|a AUD-SI-14-20
|
| 110 |
1 |
|
|a United States.
|b Department of State.
|b Office of Audits,
|e author.
|
| 245 |
1 |
0 |
|a Keystone XL Pipeline Project compliance follow-up review :
|b the Department of State's choice of Environmental Resources Management, Inc., to assist in preparing the supplemental environmental impact statement /
|c United States Department of State and the Broadcasting Board of Governors, Office of Inspector General, Office of Audits.
|
| 246 |
3 |
0 |
|a Department of State's choice of Environmental Resources Management, Inc., to assist in preparing the supplemental environmental impact statement
|
| 264 |
|
1 |
|a [Washington, D.C.] :
|b United States Department of State and the Broadcasting Board of Governors, Office of Inspector General, Office of Audits,
|c 2014.
|
| 300 |
|
|
|a 1 online resource (30 pages)
|
| 336 |
|
|
|a text
|2 rdacontent
|
| 337 |
|
|
|a computer
|2 rdamedia
|
| 338 |
|
|
|a online resource
|2 rdacarrier
|
| 500 |
|
|
|a Title from title screen (viewed Feb. 27, 2014).
|
| 500 |
|
|
|a "February 2014."
|
| 504 |
|
|
|a Includes bibliographical references.
|
| 500 |
|
|
|a "AUD-SI-14-20."
|
| 610 |
1 |
0 |
|a United States.
|b Department of State
|x Auditing.
|
| 610 |
2 |
0 |
|a Environmental Resources Management (ERM) Group.
|
| 650 |
|
0 |
|a Environmental impact analysis
|z United States.
|
| 650 |
|
0 |
|a Environmental impact analysis
|z Canada.
|
| 650 |
|
0 |
|a Petroleum pipelines
|z United States.
|
| 650 |
|
0 |
|a Petroleum pipelines
|z Canada.
|
| 650 |
|
0 |
|a Pipelines
|z United States.
|
| 650 |
|
0 |
|a Pipelines
|z Canada.
|
| 856 |
4 |
0 |
|u https://purl.fdlp.gov/GPO/gpo46362
|t 0
|
| 856 |
4 |
0 |
|u http://purl.fdlp.gov/GPO/gpo46362
|t 0
|
| 999 |
f |
f |
|s 6e8af5c6-7017-31bc-bd2b-70d8d4c2e467
|i 68939cf2-9b6c-3c6f-9e3e-7493b6dbaef3
|t 0
|
| 952 |
f |
f |
|a Texas A&M University
|b College Station
|c Electronic Resources
|d Available Online
|t 0
|e S 24.2:K 52
|h Superintendent of Documents classification
|
| 998 |
f |
f |
|a S 24.2:K 52
|t 0
|l Available Online
|